[Event "FIDE WYCC 2016 U14 girls"]
[Site "Khanty Mansiysk"]
[Date "2016.09.24"]
[Round "3.2"]
[White "Beydullayeva, Govhar"]
[Black "Maltsevskaya, Aleksandra"]
[Result "0-1"]
[WhiteElo "1994"]
[BlackElo "2319"]
[Annotator "Reinhold Goldau"]
[PlyCount "100"]
[EventDate "2016.09.??"]
[EventType "swiss"]
[EventRounds "11"]
[EventCountry "RUS"]
[SourceTitle "Youth Database"]
[Source "CBase R.Goldau"]
[SourceDate "2000.03.01"]
[TimeControl "40/5400+30:1800+30"]

1. d4 {[%emt 0:00:00]} Nf6 {[%emt 0:00:00]} 2. c4 {[%emt 0:00:00]} g6 {[%emt 0:
00:00]} 3. Nc3 {[%emt 0:00:00]} Bg7 {[%emt 0:00:00]} 4. e4 {[%emt 0:00:02]} d6
{[%emt 0:00:00]} 5. Nf3 {[%emt 0:00:18]} O-O {[%emt 0:00:02]} 6. Be2 {[%emt 0:
00:07]} e5 {[%emt 0:00:08]} 7. Be3 {[%emt 0:00:32]} Ng4 {[%emt 0:00:09]} 8. Bg5
{[%emt 0:00:11]} f6 {[%emt 0:00:07]} 9. Bh4 {[%emt 0:00:29]} Nc6 {[%emt 0:00:
13]} 10. d5 {[%emt 0:06:02]} Ne7 {[%emt 0:00:10]} 11. Nd2 {[%emt 0:01:33]} Nh6
{[%emt 0:00:09]} 12. f3 {[%emt 0:00:23]} c5 {[%emt 0:00:11]} 13. dxc6 {[%emt 0:
00:17]} bxc6 {[%emt 0:00:06]} 14. b4 {[%emt 0:01:13]} Be6 {[%emt 0:00:09]} 15.
Nb3 {[%emt 0:01:55]} d5 {[%emt 0:00:07]} 16. Nc5 {[%emt 0:09:52]} Bf7 {[%emt 0:
00:07]} 17. cxd5 {[%emt 0:00:29]} cxd5 {[%emt 0:00:06]} 18. exd5 {[%emt 0:01:
59]} Nxd5 {[%emt 0:01:55]} 19. Nxd5 {[%emt 0:02:18]} Bxd5 {[%emt 0:02:10]} 20.
a3 {[%emt 0:04:28]} Nf5 {[%emt 0:03:08]} 21. Bf2 {[%emt 0:00:26]} Nd4 {[%emt 0:
04:29]} 22. Rc1 {[%emt 0:05:52]} f5 {[%emt 0:03:31]} 23. O-O {[%emt 0:07:39]}
Qg5 {[%emt 0:05:01]} 24. Bxd4 {[%emt 0:04:59]} exd4 {[%emt 0:01:18]} 25. Bd3 {
[%emt 0:02:19]} Rfe8 {[%emt 0:00:38]} 26. Qc2 {[%emt 0:03:54]} h5 {[%emt 0:07:
18]} 27. Bc4 {[%emt 0:07:40]} Bxc4 {[%emt 0:01:26]} 28. Qxc4+ {[%emt 0:00:04]}
Kh7 {[%emt 0:00:07]} 29. f4 {[%emt 0:03:00]} Qe7 {[%emt 0:01:14]} 30. Rfe1 {
[%emt 0:11:38]} Qxe1+ {[%emt 0:06:57]} 31. Rxe1 {[%emt 0:00:03]} Rxe1+ {
[%emt 0:00:10]} 32. Kf2 {[%emt 0:00:03]} Rae8 {[%emt 0:00:08]} 33. Nd7 {
[%emt 0:02:32]} R1e7 {[%emt 0:02:19]} 34. Ne5 {[%emt 0:04:21]} Bxe5 {[%emt 0:
01:51]} 35. fxe5 {[%emt 0:00:13]} Rxe5 {[%emt 0:01:48]} 36. Qxd4 {[%emt 0:01:
44]} Re2+ {[%emt 0:00:19]} 37. Kf1 {[%emt 0:05:25]} Re1+ {[%emt 0:01:46]} 38.
Kf2 {[%emt 0:00:04]} R8e2+ {[%emt 0:00:07]} 39. Kf3 {[%emt 0:04:20]} Re7 {
[%emt 0:04:47]} 40. Qd3 {[%emt 0:00:00]} Kh6 {[%emt 0:00:00]} 41. Kf2 {[%emt 0:
07:43]} R1e4 {[%emt 0:11:10]} 42. Kf3 {[%emt 0:13:53]} h4 {[%emt 0:01:33]} 43.
h3 {[%emt 0:01:43]} g5 {[%emt 0:00:32]} 44. g3 {[%emt 0:09:21]} hxg3 {[%emt 0:
02:35]} 45. Qd6+ {[%emt 0:00:26]} Kh5 {[%emt 0:00:08]} 46. Kxg3 {[%emt 0:01:42]
} Re3+ {[%emt 0:00:59]} 47. Kf2 {[%emt 0:01:02]} Re2+ {[%emt 0:00:26]} 48. Kf1
{[%emt 0:00:19]} Re1+ {[%emt 0:00:07]} 49. Kf2 {[%emt 0:00:06]} R7e2+ {[%emt 0:
00:46]} 50. Kg3 {[%emt 0:01:09]} Rf1 {[%emt 0:00:32]} 0-1

[Event "FIDE WYCC 2016 U14 girls"]
[Site "Khanty Mansiysk"]
[Date "2016.09.24"]
[Round "3.4"]
[White "Dongo, Melanie"]
[Black "Zhu, Jiner"]
[Result "0-1"]
[WhiteElo "1981"]
[BlackElo "2024"]
[Annotator "Reinhold Goldau"]
[PlyCount "112"]
[EventDate "2016.09.??"]
[EventType "swiss"]
[EventRounds "11"]
[EventCountry "RUS"]
[SourceTitle "Youth Database"]
[Source "CBase R.Goldau"]
[SourceDate "2000.03.01"]
[TimeControl "40/5400+30:1800+30"]

1. e4 {[%emt 0:00:00]} c5 {[%emt 0:00:00]} 2. Nf3 {[%emt 0:00:00]} d6 {[%emt 0:
00:00]} 3. d4 {[%emt 0:00:00]} Nf6 {[%emt 0:00:00]} 4. Nc3 {[%emt 0:00:02]}
cxd4 {[%emt 0:00:00]} 5. Nxd4 {[%emt 0:00:04]} a6 {[%emt 0:00:00]} 6. Be3 {
[%emt 0:03:00]} e6 {[%emt 0:00:00]} 7. f3 {[%emt 0:00:25]} Be7 {[%emt 0:00:00]}
8. Qd2 {[%emt 0:00:04]} O-O {[%emt 0:00:04]} 9. O-O-O {[%emt 0:00:36]} Nc6 {
[%emt 0:00:05]} 10. g4 {[%emt 0:00:45]} Nxd4 {[%emt 0:00:06]} 11. Bxd4 {
[%emt 0:00:10]} b5 {[%emt 0:00:04]} 12. g5 {[%emt 0:01:18]} Nd7 {[%emt 0:00:05]
} 13. h4 {[%emt 0:00:26]} Qc7 {[%emt 0:00:03]} 14. Kb1 {[%emt 0:02:37]} b4 {
[%emt 0:00:31]} 15. Na4 {[%emt 0:17:48]} Rb8 {[%emt 0:00:08]} 16. b3 {[%emt 0:
02:37]} Bb7 {[%emt 0:02:40]} 17. h5 {[%emt 0:34:52]} d5 {[%emt 0:09:59]} 18.
Bd3 {[%emt 0:08:02]} e5 {[%emt 0:05:18]} 19. Bf2 {[%emt 0:04:25]} dxe4 {
[%emt 0:00:41]} 20. fxe4 {[%emt 0:00:27]} Bc6 {[%emt 0:01:47]} 21. Nb2 {
[%emt 0:01:36]} Nc5 {[%emt 0:00:40]} 22. Bxc5 {[%emt 0:06:11]} Bxc5 {[%emt 0:
00:03]} 23. g6 {[%emt 0:00:08]} Bb5 {[%emt 0:01:00]} 24. gxh7+ {[%emt 0:01:36]}
Kxh7 {[%emt 0:00:13]} 25. Qg5 {[%emt 0:02:59]} Qe7 {[%emt 0:08:22]} 26. Qf5+ {
[%emt 0:01:17]} Kh8 {[%emt 0:00:05]} 27. Bxb5 {[%emt 0:02:56]} Rxb5 {[%emt 0:
00:07]} 28. Rd7 {[%emt 0:02:43]} Qf6 {[%emt 0:00:05]} 29. Nc4 {[%emt 0:01:46]}
Qxf5 {[%emt 0:04:58]} 30. exf5 {[%emt 0:00:05]} e4 {[%emt 0:00:10]} 31. Ne5 {
[%emt 0:01:57]} Kg8 {[%emt 0:01:02]} 32. Ng4 {[%emt 0:02:47]} Rb6 {[%emt 0:02:
42]} 33. h6 {[%emt 0:01:10]} Kh7 {[%emt 0:01:36]} 34. hxg7+ {[%emt 0:00:40]}
Kxg7 {[%emt 0:00:03]} 35. f6+ {[%emt 0:00:16]} Rxf6 {[%emt 0:00:48]} 36. Nxf6 {
[%emt 0:00:30]} Kxf6 {[%emt 0:00:04]} 37. Rd5 {[%emt 0:00:17]} Bf2 {[%emt 0:00:
37]} 38. Kc1 {[%emt 0:01:28]} e3 {[%emt 0:01:32]} 39. Kd1 {[%emt 0:00:13]} Ke6
{[%emt 0:00:05]} 40. Rd3 {[%emt 0:00:00]} f5 {[%emt 0:00:00]} 41. Rh6+ {
[%emt 0:02:18]} Ke5 {[%emt 0:00:44]} 42. Rdd6 {[%emt 0:14:39]} f4 {[%emt 0:01:
10]} 43. Rhe6+ {[%emt 0:01:27]} Kf5 {[%emt 0:00:02]} 44. Ke2 {[%emt 0:01:40]}
Bh4 {[%emt 0:00:26]} 45. Rg6 {[%emt 0:06:00]} Bf6 {[%emt 0:00:47]} 46. Rh6 {
[%emt 0:01:06]} Bg5 {[%emt 0:01:48]} 47. Rd5+ {[%emt 0:05:08]} Kg4 {[%emt 0:00:
03]} 48. Rg6 {[%emt 0:02:28]} f3+ {[%emt 0:00:06]} 49. Kd3 {[%emt 0:00:23]} Rf5
{[%emt 0:01:05]} 50. Rxf5 {[%emt 0:00:52]} Kxf5 {[%emt 0:00:03]} 51. Rxg5+ {
[%emt 0:00:06]} Kxg5 {[%emt 0:00:23]} 52. Kxe3 {[%emt 0:00:04]} Kg4 {[%emt 0:
00:09]} 53. Kf2 {[%emt 0:00:03]} Kf4 {[%emt 0:00:04]} 54. Kf1 {[%emt 0:00:17]}
Ke3 {[%emt 0:00:07]} 55. Ke1 {[%emt 0:00:06]} f2+ {[%emt 0:00:15]} 56. Kf1 {
[%emt 0:00:04]} Kf3 0-1

[Event "FIDE WYCC 2016 U14 girls"]
[Site "Khanty Mansiysk"]
[Date "2016.09.24"]
[Round "3.31"]
[White "Tharushi, T H D Niklesha"]
[Black "Oberholzer, Imarie"]
[Result "0-1"]
[WhiteElo "1584"]
[BlackElo "1512"]
[Annotator "Reinhold Goldau"]
[PlyCount "92"]
[EventDate "2016.09.??"]
[EventType "swiss"]
[EventRounds "11"]
[EventCountry "RUS"]
[SourceTitle "Youth Database"]
[Source "CBase R.Goldau"]
[SourceDate "2000.03.01"]

1. d4 Nf6 2. c4 c5 3. d5 b5 4. Qc2 d6 5. e4 g6 6. Nf3 Nbd7 7. h3 Bg7 8. g4 bxc4
9. Bxc4 Nb6 10. Nfd2 O-O 11. f4 Nbd7 12. Nf3 Qb6 13. O-O Ba6 14. Nbd2 Qb7 15.
a4 Nb6 16. Bxa6 Qxa6 17. a5 Rac8 18. Ra3 Nbd7 19. Nc4 Rb8 20. Nfd2 Rb4 21. Raf3
Ne8 22. b3 Nc7 23. Ba3 Rb7 24. Bb2 Nb5 25. e5 dxe5 26. fxe5 Nd4 27. Bxd4 cxd4
28. Qe4 Rb4 29. Qxd4 Nxe5 30. Re3 Nf3+ 31. Nxf3 Bxd4 32. Nxd4 Qb7 33. Nc6 Rxb3
34. a6 Qb5 35. Nd4 Qxc4 36. Nxb3 Qxd5 37. Rff3 Qb5 38. Rxe7 Qxa6 39. Kh1 Qc6
40. Kg2 Rb8 41. Ree3 Qd5 42. Kg3 a5 43. Rd3 Qe5+ 44. Kg2 a4 45. Nd4 Rb2+ 46.
Kf1 Qh2 0-1

[Event "FIDE WYCC 2016 U14 girls"]
[Site "Khanty Mansiysk"]
[Date "2016.09.25"]
[Round "4.34"]
[White "Gomes, Maria Eduarda"]
[Black "Khannanova, Lina"]
[Result "1-0"]
[WhiteElo "1569"]
[BlackElo "1397"]
[Annotator "Reinhold Goldau"]
[PlyCount "151"]
[EventDate "2016.09.??"]
[EventType "swiss"]
[EventRounds "11"]
[EventCountry "RUS"]
[SourceTitle "Youth Database"]
[Source "CBase R.Goldau"]
[SourceDate "2000.03.01"]

1. d4 f5 2. c4 Nf6 3. Nc3 e6 4. a3 b6 5. e3 Bb7 6. Nf3 d6 7. Be2 h6 8. d5 e5 9.
Nh4 Bc8 10. Bh5+ Kd7 11. Nxf5 c6 12. dxc6+ Nxc6 13. Nb5 Ke6 14. Bg4 Nxg4 15.
Qxg4 Kf6 16. Qf3 Bxf5 17. Qxc6 Rc8 18. Qd5 Rc5 19. Qf3 Rxc4 20. Nc3 e4 21. Qg3
d5 22. f3 Ke6 23. Ne2 g5 24. Nd4+ Kf6 25. b3 Bd6 26. Qf2 Rc8 27. fxe4 dxe4 28.
Qxf5+ Ke7 29. Qxe4+ Kd7 30. Qf5+ Ke8 31. O-O Rf8 32. Qg6+ Kd7 33. Bd2 a5 34.
Qe6+ Kc7 35. Rfc1+ Kb7 36. Qd5+ Kb8 37. Nc6+ Rxc6 38. Qxc6 Bc7 39. Ra2 Rf6 40.
Qc3 Rf7 41. b4 a4 42. Qc4 Qe7 43. Qd4 Qe6 44. Rac2 Qf5 45. Bc3 g4 46. Qh8+ Kb7
47. Qxh6 Rh7 48. Qxh7 Qxh7 49. g3 Qd3 50. Bd4 Bb8 51. Rc3 Qe2 52. Rc6 Ba7 53.
Rc7+ Ka6 54. R7c2 Qd3 55. Rc3 Qe2 56. R3c2 Qd3 57. Rc3 Qe2 58. R1c2 Qb5 59. e4
Qe8 60. e5 Kb5 61. Rc7 Ka6 62. R7c6 Qd7 63. Rd6 Qf5 64. Rdc6 Qd7 65. Rd6 Qf5
66. Rc1 Kb7 67. e6 Ka6 68. Re1 Qg6 69. Rd7 Qe8 70. Bf6 b5+ 71. Bd4 Bxd4+ 72.
Rxd4 Qb8 73. e7 Qb6 74. Ree4 Qc6 75. e8=Q Qxe8 76. Rxe8 1-0

[Event "FIDE WYCC 2016 U16 boys"]
[Site "Khanty Mansiysk"]
[Date "2016.09.22"]
[Round "1.1"]
[White "Maghsoodloo, Parham"]
[Black "Riess, Alexander"]
[Result "1-0"]
[WhiteElo "2566"]
[BlackElo "2227"]
[Annotator "Reinhold Goldau"]
[PlyCount "85"]
[EventDate "2016.09.??"]
[EventType "swiss"]
[EventRounds "11"]
[EventCountry "RUS"]
[SourceTitle "Youth Database"]
[Source "CBase R.Goldau"]
[SourceDate "2000.03.01"]
[TimeControl "40/5400+30:1800+30"]

1. d4 {[%emt 0:00:00]} d5 {[%emt 0:00:00]} 2. Nf3 {[%emt 0:01:01]} Nf6 {
[%emt 0:00:14]} 3. Bf4 {[%emt 0:01:27]} c5 {[%emt 0:01:16]} 4. e3 {[%emt 0:02:
54]} Nc6 {[%emt 0:01:52]} 5. c3 {[%emt 0:02:47]} Qb6 {[%emt 0:00:27]} 6. Qb3 {
[%emt 0:00:31]} c4 {[%emt 0:00:55]} 7. Qc2 {[%emt 0:00:07]} Bf5 {[%emt 0:00:35]
} 8. Qc1 {[%emt 0:00:10]} h6 {[%emt 0:02:04]} 9. Nbd2 {[%emt 0:10:28]} e6 {
[%emt 0:02:55]} 10. Be2 {[%emt 0:03:47]} Be7 {[%emt 0:00:29]} 11. b3 {[%emt 0:
09:57]} cxb3 {[%emt 0:02:28]} 12. axb3 {[%emt 0:00:18]} O-O {[%emt 0:01:44]}
13. O-O {[%emt 0:00:35]} Rfc8 {[%emt 0:04:02]} 14. Qb2 {[%emt 0:03:44]} a6 {
[%emt 0:04:59]} 15. Rfc1 {[%emt 0:03:19]} Qd8 {[%emt 0:05:52]} 16. b4 {[%emt 0:
08:45]} Bd6 {[%emt 0:15:25]} 17. Bxd6 {[%emt 0:05:53]} Qxd6 {[%emt 0:00:07]}
18. Nb3 {[%emt 0:00:19]} Ne4 {[%emt 0:08:42]} 19. Nc5 {[%emt 0:04:28]} Qc7 {
[%emt 0:05:00]} 20. Nxe4 {[%emt 0:10:13]} Bxe4 {[%emt 0:00:39]} 21. Nd2 {
[%emt 0:00:09]} Bg6 {[%emt 0:01:04]} 22. c4 {[%emt 0:00:16]} Qb6 {[%emt 0:12:
12]} 23. Ra4 {[%emt 0:00:47]} dxc4 {[%emt 0:01:18]} 24. Nxc4 {[%emt 0:00:10]}
Qd8 {[%emt 0:00:25]} 25. Raa1 {[%emt 0:04:21]} Rab8 {[%emt 0:02:51]} 26. b5 {
[%emt 0:04:20]} axb5 {[%emt 0:01:38]} 27. Qxb5 {[%emt 0:00:03]} Ne7 {[%emt 0:
01:42]} 28. Ne5 {[%emt 0:09:41]} Be4 {[%emt 0:02:44]} 29. Bh5 {[%emt 0:02:29]}
g6 {[%emt 0:02:57]} 30. Bf3 {[%emt 0:04:39]} Bxf3 {[%emt 0:00:19]} 31. Nxf3 {
[%emt 0:00:08]} Qd5 {[%emt 0:00:53]} 32. Qb4 {[%emt 0:01:34]} Nc6 {[%emt 0:03:
17]} 33. Qb6 {[%emt 0:00:09]} Qd8 {[%emt 0:02:01]} 34. Qb5 {[%emt 0:02:55]} Qd6
{[%emt 0:02:40]} 35. Rab1 {[%emt 0:02:06]} Kg7 {[%emt 0:00:48]} 36. Nd2 {
[%emt 0:01:56]} Na7 {[%emt 0:04:26]} 37. Qb2 {[%emt 0:00:16]} Rxc1+ {[%emt 0:
00:41]} 38. Rxc1 {[%emt 0:00:07]} Kg8 {[%emt 0:03:46]} 39. Ne4 {[%emt 0:00:44]}
Qe7 {[%emt 0:02:22]} 40. d5 {[%emt 0:00:00]} e5 {[%emt 0:00:00]} 41. d6 {
[%emt 0:04:19]} Qe6 {[%emt 0:02:38]} 42. Qb6 {[%emt 0:04:15]} Rc8 {[%emt 0:03:
15]} 43. Rd1 {[%emt 0:02:09]} 1-0

[Event "FIDE WYCC 2016 U16 boys"]
[Site "Khanty Mansiysk"]
[Date "2016.09.22"]
[Round "1.2"]
[White "Koziol, Kamil"]
[Black "Tabatabaei, M Amin"]
[Result "0-1"]
[WhiteElo "2212"]
[BlackElo "2493"]
[Annotator "Reinhold Goldau"]
[PlyCount "76"]
[EventDate "2016.09.??"]
[EventType "swiss"]
[EventRounds "11"]
[EventCountry "RUS"]
[SourceTitle "Youth Database"]
[Source "CBase R.Goldau"]
[SourceDate "2000.03.01"]
[TimeControl "40/5400+30:1800+30"]

1. d4 {[%emt 0:00:00]} Nf6 {[%emt 0:00:00]} 2. c4 {[%emt 0:00:00]} e6 {[%emt 0:
00:32]} 3. Nc3 {[%emt 0:00:00]} Bb4 {[%emt 0:00:04]} 4. Qc2 {[%emt 0:00:02]}
O-O {[%emt 0:00:38]} 5. a3 {[%emt 0:00:27]} Bxc3+ {[%emt 0:00:08]} 6. Qxc3 {
[%emt 0:00:35]} b6 {[%emt 0:00:08]} 7. Bg5 {[%emt 0:06:03]} Bb7 {[%emt 0:00:08]
} 8. f3 {[%emt 0:01:27]} d6 {[%emt 0:01:41]} 9. e4 {[%emt 0:16:58]} c5 {
[%emt 0:07:46]} 10. dxc5 {[%emt 0:32:39]} bxc5 {[%emt 0:00:30]} 11. Bd3 {
[%emt 0:01:05]} Nc6 {[%emt 0:02:38]} 12. Be3 {[%emt 0:07:17]} e5 {[%emt 0:06:
01]} 13. Ne2 {[%emt 0:03:42]} a5 {[%emt 0:02:11]} 14. b3 {[%emt 0:03:09]} Nh5 {
[%emt 0:13:52]} 15. O-O {[%emt 0:01:13]} g5 {[%emt 0:19:20]} 16. Qd2 {[%emt 0:
07:47]} h6 {[%emt 0:02:30]} 17. h4 {[%emt 0:01:37]} f6 {[%emt 0:01:14]} 18. Kf2
{[%emt 0:01:53]} Nf4 {[%emt 0:18:48]} 19. Rh1 {[%emt 0:01:43]} Kg7 {[%emt 0:08:
37]} 20. Rh2 {[%emt 0:02:43]} Rh8 {[%emt 0:05:27]} 21. Ng3 {[%emt 0:03:35]} Ne7
{[%emt 0:00:07]} 22. Rah1 {[%emt 0:00:39]} Qb6 {[%emt 0:02:14]} 23. hxg5 {
[%emt 0:01:53]} hxg5 {[%emt 0:00:28]} 24. Bxf4 {[%emt 0:03:23]} gxf4 {[%emt 0:
01:01]} 25. Nh5+ {[%emt 0:00:09]} Kf7 {[%emt 0:00:06]} 26. Nxf4 {[%emt 0:00:29]
} Rxh2 {[%emt 0:02:17]} 27. Rxh2 {[%emt 0:00:04]} exf4 {[%emt 0:00:10]} 28.
Rh7+ {[%emt 0:00:09]} Ke6 {[%emt 0:01:56]} 29. Qxf4 {[%emt 0:00:08]} Rg8 {
[%emt 0:00:11]} 30. Ke3 {[%emt 0:01:54]} Rg5 {[%emt 0:02:56]} 31. g4 {[%emt 0:
00:08]} Qxb3 {[%emt 0:00:56]} 32. Rh6 {[%emt 0:01:06]} Qb2 {[%emt 0:00:14]} 33.
Rh1 {[%emt 0:01:40]} Qd4+ {[%emt 0:00:56]} 34. Ke2 {[%emt 0:00:15]} Qb2+ {
[%emt 0:00:00]} 35. Ke3 {[%emt 0:00:01]} Ba6 {[%emt 0:00:59]} 36. Rd1 {[%emt 0:
01:31]} Ng6 {[%emt 0:00:41]} 37. Qg3 {[%emt 0:00:32]} Ne5 {[%emt 0:00:56]} 38.
Be2 {[%emt 0:00:26]} Bxc4 {[%emt 0:00:00] Kd4} 0-1

[Event "FIDE WYCC 2016 U16 boys"]
[Site "Khanty Mansiysk"]
[Date "2016.09.22"]
[Round "1.3"]
[White "Martirosyan, Haik M"]
[Black "Tifferet, Shaked"]
[Result "1-0"]
[WhiteElo "2470"]
[BlackElo "2220"]
[Annotator "Reinhold Goldau"]
[PlyCount "77"]
[EventDate "2016.09.??"]
[EventType "swiss"]
[EventRounds "11"]
[EventCountry "RUS"]
[SourceTitle "Youth Database"]
[Source "CBase R.Goldau"]
[SourceDate "2000.03.01"]
[TimeControl "40/5400+30:1800+30"]

1. d4 {[%emt 0:00:00]} Nf6 {[%emt 0:00:00]} 2. c4 {[%emt 0:00:00]} g6 {[%emt 0:
00:00]} 3. f3 {[%emt 0:00:24]} d5 {[%emt 0:04:45]} 4. cxd5 {[%emt 0:00:10]} c6
{[%emt 0:00:04]} 5. e4 {[%emt 0:01:36]} cxd5 {[%emt 0:00:11]} 6. e5 {[%emt 0:
00:17]} Nfd7 {[%emt 0:02:22]} 7. Nc3 {[%emt 0:00:30]} Nb6 {[%emt 0:01:09]} 8.
Bd3 {[%emt 0:10:01]} Bg7 {[%emt 0:05:43]} 9. Nge2 {[%emt 0:00:38]} O-O {
[%emt 0:00:52]} 10. O-O {[%emt 0:02:44]} Nc6 {[%emt 0:00:23]} 11. h3 {[%emt 0:
04:26]} f6 {[%emt 0:18:46]} 12. f4 {[%emt 0:00:11]} Be6 {[%emt 0:01:00]} 13. f5
{[%emt 0:18:59]} Bxf5 {[%emt 0:06:18]} 14. Rxf5 {[%emt 0:17:09]} gxf5 {[%emt 0:
00:25]} 15. e6 {[%emt 0:00:04]} Nc4 {[%emt 0:12:24]} 16. Bxf5 {[%emt 0:04:51]}
Nd6 {[%emt 0:03:48]} 17. Qd3 {[%emt 0:00:41]} Nxf5 {[%emt 0:08:07]} 18. Qxf5 {
[%emt 0:00:03]} Qe8 {[%emt 0:01:14]} 19. Be3 {[%emt 0:03:35]} Qg6 {[%emt 0:02:
30]} 20. g4 {[%emt 0:00:56]} Rfd8 {[%emt 0:08:20]} 21. Rf1 {[%emt 0:04:44]} Kh8
{[%emt 0:03:06]} 22. Kh2 {[%emt 0:02:01]} Rac8 {[%emt 0:01:22]} 23. h4 {
[%emt 0:02:15]} Ne5 {[%emt 0:05:03]} 24. dxe5 {[%emt 0:06:59]} fxe5 {[%emt 0:
00:14]} 25. Bg5 {[%emt 0:00:15]} d4 {[%emt 0:04:47]} 26. Ne4 {[%emt 0:03:30]}
Rc2 {[%emt 0:00:32]} 27. Bd2 {[%emt 0:00:17]} Rdc8 {[%emt 0:06:02]} 28. N2g3 {
[%emt 0:04:32]} Qh6 {[%emt 0:01:45]} 29. Kh3 {[%emt 0:01:09]} Qg6 {[%emt 0:01:
10]} 30. h5 {[%emt 0:00:15]} Qxf5 {[%emt 0:00:31]} 31. Nxf5 {[%emt 0:01:46]}
Bf8 {[%emt 0:00:48]} 32. Bg5 {[%emt 0:01:14]} Re2 {[%emt 0:01:18]} 33. Neg3 {
[%emt 0:01:00]} Rxb2 {[%emt 0:00:02]} 34. Nxe7 {[%emt 0:00:13]} Bxe7 {[%emt 0:
00:47]} 35. Bxe7 {[%emt 0:00:07]} Kg8 {[%emt 0:00:45]} 36. Nf5 {[%emt 0:00:31]}
d3 {[%emt 0:00:54]} 37. Kh4 {[%emt 0:02:11]} h6 {[%emt 0:00:32]} 38. Nxh6+ {
[%emt 0:00:14]} Kh8 {[%emt 0:00:05]} 39. Rf7 {[%emt 0:00:35]} 1-0

[Event "FIDE WYCC 2016 U16 boys"]
[Site "Khanty Mansiysk"]
[Date "2016.09.22"]
[Round "1.4"]
[White "Nguyen, Dang Hong Phuc"]
[Black "Moroni, Luca Jr"]
[Result "0-1"]
[WhiteElo "2209"]
[BlackElo "2459"]
[Annotator "Reinhold Goldau"]
[PlyCount "100"]
[EventDate "2016.09.??"]
[EventType "swiss"]
[EventRounds "11"]
[EventCountry "RUS"]
[SourceTitle "Youth Database"]
[Source "CBase R.Goldau"]
[SourceDate "2000.03.01"]
[TimeControl "40/5400+30:1800+30"]

1. d4 {[%emt 0:00:00]} Nf6 {[%emt 0:00:00]} 2. Nf3 {[%emt 0:00:00]} e6 {
[%emt 0:00:00]} 3. c4 {[%emt 0:00:00]} b6 {[%emt 0:00:00]} 4. a3 {[%emt 0:00:
00]} Ba6 {[%emt 0:00:03]} 5. Qc2 {[%emt 0:00:00]} Bb7 {[%emt 0:00:10]} 6. Nc3 {
[%emt 0:00:00]} c5 {[%emt 0:00:11]} 7. dxc5 {[%emt 0:00:00]} bxc5 {[%emt 0:00:
07]} 8. Bg5 {[%emt 0:00:24]} h6 {[%emt 0:03:39]} 9. Bh4 {[%emt 0:05:12]} Be7 {
[%emt 0:03:38]} 10. e3 {[%emt 0:00:15]} O-O {[%emt 0:02:28]} 11. Be2 {[%emt 0:
02:06]} d6 {[%emt 0:04:24]} 12. O-O {[%emt 0:00:36]} Nh5 {[%emt 0:05:15]} 13.
Bxe7 {[%emt 0:20:46]} Qxe7 {[%emt 0:00:02]} 14. Nd2 {[%emt 0:00:59]} Nf6 {
[%emt 0:01:29]} 15. Rfd1 {[%emt 0:03:26]} Nc6 {[%emt 0:07:09]} 16. Rab1 {
[%emt 0:12:48]} Rfc8 {[%emt 0:14:53]} 17. h3 {[%emt 0:03:51]} Rab8 {[%emt 0:01:
59]} 18. Nb3 {[%emt 0:14:49]} Ba8 {[%emt 0:07:06]} 19. Bf3 {[%emt 0:02:34]} Nd7
{[%emt 0:10:07]} 20. Nd2 {[%emt 0:07:23]} Nde5 {[%emt 0:06:06]} 21. Be2 {
[%emt 0:00:48]} Na5 {[%emt 0:05:44]} 22. Bf1 {[%emt 0:04:06]} f5 {[%emt 0:05:
13]} 23. f4 {[%emt 0:06:22]} Nd7 {[%emt 0:02:40]} 24. b4 {[%emt 0:01:27]} cxb4
{[%emt 0:02:15]} 25. axb4 {[%emt 0:00:02]} Nc6 {[%emt 0:00:05]} 26. b5 {
[%emt 0:01:11]} Nd8 {[%emt 0:00:12]} 27. Qa2 {[%emt 0:02:05]} Nc5 {[%emt 0:01:
43]} 28. Nb3 {[%emt 0:01:03]} Nf7 {[%emt 0:02:09]} 29. Nxc5 {[%emt 0:00:29]}
Rxc5 {[%emt 0:01:13]} 30. Ra1 {[%emt 0:03:01]} Rc7 {[%emt 0:01:01]} 31. Qd2 {
[%emt 0:01:00]} g5 {[%emt 0:02:41]} 32. Bd3 {[%emt 0:00:51]} gxf4 {[%emt 0:02:
44]} 33. exf4 {[%emt 0:00:01]} Qf6 {[%emt 0:01:24]} 34. Na4 {[%emt 0:00:18]}
Kh8 {[%emt 0:01:42]} 35. Rac1 {[%emt 0:02:19]} Rg8 {[%emt 0:02:03]} 36. Bf1 {
[%emt 0:00:17]} Qh4 {[%emt 0:00:59]} 37. Rc3 {[%emt 0:00:48]} e5 {[%emt 0:01:
53]} 38. Qf2 {[%emt 0:01:19]} Qxf4 {[%emt 0:01:07]} 39. Qxf4 {[%emt 0:02:42]}
exf4 {[%emt 0:00:02]} 40. c5 {[%emt 0:00:00]} dxc5 {[%emt 0:00:00]} 41. Kh2 {
[%emt 0:03:56]} f3 {[%emt 0:11:14]} 42. gxf3 {[%emt 0:00:33]} Ne5 {[%emt 0:00:
32]} 43. Bg2 {[%emt 0:01:37]} c4 {[%emt 0:01:26]} 44. Rd2 {[%emt 0:08:26]} f4 {
[%emt 0:05:18]} 45. b6 {[%emt 0:03:19]} axb6 {[%emt 0:05:26]} 46. Nxb6 {
[%emt 0:00:02]} Bb7 {[%emt 0:00:11]} 47. Rd4 {[%emt 0:01:59]} Rcg7 {[%emt 0:01:
05]} 48. Bh1 {[%emt 0:01:47]} Nd3 {[%emt 0:07:57]} 49. Rdxc4 {[%emt 0:05:41]}
Nf2 {[%emt 0:00:52]} 50. Rc7 {[%emt 0:00:00]} Rg3 {[%emt 0:00:44]} 0-1

[Event "FIDE WYCC 2016 U16 boys"]
[Site "Khanty Mansiysk"]
[Date "2016.09.23"]
[Round "2.1"]
[White "Carnicelli, Valerio"]
[Black "Maghsoodloo, Parham"]
[Result "1/2-1/2"]
[WhiteElo "2329"]
[BlackElo "2566"]
[Annotator "Reinhold Goldau"]
[PlyCount "30"]
[EventDate "2016.09.??"]
[EventType "swiss"]
[EventRounds "11"]
[EventCountry "RUS"]
[SourceTitle "Youth Database"]
[Source "CBase R.Goldau"]
[SourceDate "2000.03.01"]
[WhiteClock "0:58:36"]
[BlackClock "0:38:40"]

1. e4 e5 2. Nf3 Nc6 3. Bc4 Bc5 4. b4 Bxb4 5. c3 Bd6 6. d4 Nf6 7. O-O O-O 8.
Nbd2 a6 9. Bd5 exd4 10. Bxc6 dxc3 11. Nc4 dxc6 12. e5 Be6 13. Nxd6 cxd6 14.
exf6 Qxf6 15. Qxd6 Rfd8 1/2-1/2

[Event "FIDE WYCC 2016 U16 boys"]
[Site "Khanty Mansiysk"]
[Date "2016.09.23"]
[Round "2.2"]
[White "Tabatabaei, M Amin"]
[Black "Pultinevicius, Paulius"]
[Result "1-0"]
[WhiteElo "2493"]
[BlackElo "2351"]
[Annotator "Reinhold Goldau"]
[PlyCount "141"]
[EventDate "2016.09.??"]
[EventType "swiss"]
[EventRounds "11"]
[EventCountry "RUS"]
[SourceTitle "Youth Database"]
[Source "CBase R.Goldau"]
[SourceDate "2000.03.01"]
[WhiteClock "0:12:58"]
[BlackClock "0:01:06"]

1. d4 Nf6 2. Nf3 e6 3. Bf4 d5 4. e3 c5 5. c3 Nc6 6. Nbd2 Bd6 7. Bg3 O-O 8. Bd3
b6 9. Ne5 Bb7 10. f4 Ne7 11. Qb1 g6 12. Bf2 c4 13. Be2 b5 14. Bf3 Ne8 15. Bg4
b4 16. h4 Nc7 17. h5 Kg7 18. a3 bxc3 19. bxc3 Rb8 20. a4 f6 21. Nef3 Bc6 22.
Qc2 a5 23. Ke2 Qe8 24. Rh2 Rh8 25. Ne5 fxe5 26. fxe5 Bxe5 27. dxe5 h6 28. Nf3
g5 29. Nd4 Bd7 30. Rhh1 Qg8 31. Rhb1 Qh7 32. Qxh7+ Kxh7 33. Nb5 Bxb5 34. axb5
Rxb5 35. Rxb5 Nxb5 36. Kd2 Rf8 37. Be1 Nc6 38. Bxe6 Nc7 39. Bh3 Na6 40. e6 Nc5
41. Ke2 a4 42. e4 d4 43. Bf5+ Kg7 44. Bf2 Nb3 45. Rxa4 dxc3 46. Rxc4 c2 47.
Rxc6 c1=Q 48. Rxc1 Nxc1+ 49. Kd2 Nb3+ 50. Kc3 Na5 51. Bd4+ Kg8 52. e7 Re8 53.
Be6+ Kh7 54. Bc5 Nc6 55. Bd7 Rxe7 56. Bxe7 Nxe7 57. Kd4 Kg7 58. Kc5 Kf7 59. Kd6
Kf8 60. Ke6 Ng8 61. g3 Kg7 62. e5 Kf8 63. g4 Ne7 64. Kf6 Nd5+ 65. Kg6 Ke7 66.
Bc8 Nb6 67. Bf5 Nc4 68. Kxh6 Kf7 69. Bg6+ Kf8 70. e6 Ne3 71. Kxg5 1-0